<?xml version="1.0" encoding="UTF-8"?>
<resp>
  <nextPage>https://data.bn.org.pl/api/networks/bibs.marcxml?marc=001+b00001150002612&amp;sinceId=1150002613</nextPage>
  <collection>
    <record xmlns='http://www.loc.gov/MARC21/slim'><leader>02553namZa2200613ZiZ4500</leader><controlfield tag='001'>b00001150002612</controlfield><controlfield tag='005'>20260403094846.4</controlfield><controlfield tag='008'>230609s        pl           |000 0 pol c</controlfield><controlfield tag='009'>9913261836505606</controlfield><datafield ind1=' ' ind2=' ' tag='020'><subfield code='a'>8371804830</subfield></datafield><datafield ind1=' ' ind2=' ' tag='035'><subfield code='a'>KR_1KR_1_20120317231601049850-48omnis_kr</subfield></datafield><datafield ind1=' ' ind2=' ' tag='035'><subfield code='a'>KR_1_20120317231601049850</subfield><subfield code='9'>ExL</subfield></datafield><datafield ind1=' ' ind2=' ' tag='035'><subfield code='a'>(PL)b00001150002612</subfield></datafield><datafield ind1=' ' ind2=' ' tag='040'><subfield code='a'>KR_1</subfield><subfield code='c'>KR_1</subfield></datafield><datafield ind1='1' ind2=' ' tag='041'><subfield code='a'>pol</subfield><subfield code='h'>eng</subfield></datafield><datafield ind1='1' ind2=' ' tag='100'><subfield code='a'>L`Engle, Madeleine</subfield></datafield><datafield ind1='1' ind2='0' tag='245'><subfield code='a'>Przeciąg w drzwiach /</subfield><subfield code='c'>Madeleine L`Engle ; przeł. Zofia Kierszys ; [il. Piotr Zwierzchowski].</subfield></datafield><datafield ind1=' ' ind2=' ' tag='260'><subfield code='a'>W-wa :</subfield><subfield code='b'>Prószyński i S-ka,</subfield><subfield code='c'>1999.</subfield></datafield><datafield ind1=' ' ind2=' ' tag='300'><subfield code='a'>181 s. :</subfield><subfield code='b'>il. ;</subfield><subfield code='c'>20 cm.</subfield></datafield><datafield ind1='1' ind2=' ' tag='490'><subfield code='a'>Tajemnica i Przygoda</subfield></datafield><datafield ind1=' ' ind2=' ' tag='500'><subfield code='a'>d</subfield></datafield><datafield ind1='1' ind2=' ' tag='700'><subfield code='a'>Kierszys, Zofia.</subfield><subfield code='e'>Tł.</subfield></datafield><datafield ind1='1' ind2=' ' tag='700'><subfield code='a'>Zwierzchowski, Piotr</subfield><subfield code='e'>Il.</subfield></datafield><datafield ind1=' ' ind2=' ' tag='852'><subfield code='8'>22797394360008210</subfield><subfield code='j'>1</subfield><subfield code='b'>F18</subfield><subfield code='p'>10018497</subfield><subfield code='c'>UBYTKI_F18</subfield></datafield><datafield ind1=' ' ind2=' ' tag='852'><subfield code='8'>22797394290008210</subfield><subfield code='j'>1</subfield><subfield code='b'>F16</subfield><subfield code='p'>10018501</subfield><subfield code='c'>UBYTKI_F16</subfield></datafield><datafield ind1=' ' ind2=' ' tag='852'><subfield code='8'>22806017930008210</subfield><subfield code='j'>1</subfield><subfield code='b'>F14</subfield><subfield code='p'>10645291</subfield><subfield code='c'>UBYTKI_F14</subfield></datafield><datafield ind1=' ' ind2=' ' tag='852'><subfield code='8'>22806017930008210</subfield><subfield code='j'>1</subfield><subfield code='b'>F14</subfield><subfield code='p'>10018498</subfield><subfield code='c'>UBYTKI_F14</subfield></datafield><datafield ind1=' ' ind2=' ' tag='852'><subfield code='8'>22797394200008210</subfield><subfield code='j'>1</subfield><subfield code='b'>F03</subfield><subfield code='p'>10018517</subfield><subfield code='c'>UBYTKI_F03</subfield></datafield><datafield ind1=' ' ind2=' ' tag='852'><subfield code='8'>22797394490008210</subfield><subfield code='j'>1</subfield><subfield code='b'>F12</subfield><subfield code='p'>10018521</subfield><subfield code='c'>UBYTKI_F12</subfield></datafield><datafield ind1=' ' ind2=' ' tag='852'><subfield code='8'>22806017930008210</subfield><subfield code='j'>1</subfield><subfield code='b'>F14</subfield><subfield code='p'>10018496</subfield><subfield code='c'>UBYTKI_F14</subfield></datafield><datafield ind1=' ' ind2=' ' tag='852'><subfield code='8'>22797394660008210</subfield><subfield code='j'>1</subfield><subfield code='b'>F02</subfield><subfield code='p'>10018486</subfield><subfield code='c'>UBYTKI_F02</subfield></datafield><datafield ind1=' ' ind2=' ' tag='852'><subfield code='8'>22797394640008210</subfield><subfield code='j'>1</subfield><subfield code='b'>F15</subfield><subfield code='p'>10018489</subfield><subfield code='c'>UBYTKI_F15</subfield></datafield><datafield ind1=' ' ind2=' ' tag='852'><subfield code='8'>22797394400008210</subfield><subfield code='j'>1</subfield><subfield code='b'>F10</subfield><subfield code='p'>10018494</subfield><subfield code='c'>UBYTKI_F10</subfield></datafield><datafield ind1=' ' ind2=' ' tag='852'><subfield code='8'>22797394380008210</subfield><subfield code='j'>1</subfield><subfield code='b'>F09</subfield><subfield code='p'>10018493</subfield><subfield code='c'>Ubytki05</subfield></datafield><datafield ind1=' ' ind2=' ' tag='852'><subfield code='8'>22805790990008210</subfield><subfield code='j'>1</subfield><subfield code='b'>F01</subfield><subfield code='p'>10018540</subfield><subfield code='c'>UBYTKI_F01</subfield></datafield><datafield ind1=' ' ind2=' ' tag='852'><subfield code='8'>22805962750008210</subfield><subfield code='j'>1</subfield><subfield code='b'>F11</subfield><subfield code='p'>10018509</subfield><subfield code='c'>UBYTKI_F11</subfield></datafield><datafield ind1=' ' ind2=' ' tag='852'><subfield code='8'>22805790990008210</subfield><subfield code='j'>1</subfield><subfield code='b'>F01</subfield><subfield code='p'>10018482</subfield><subfield code='c'>UBYTKI_F01</subfield></datafield><datafield ind1=' ' ind2=' ' tag='852'><subfield code='b'>48OMNIS_NETWORK</subfield><subfield code='8'>9913261836505606</subfield></datafield><datafield ind1=' ' ind2=' ' tag='852'><subfield code='b'>48OMNIS_MBPG</subfield><subfield code='8'>991002327299708210</subfield></datafield><datafield ind1=' ' ind2=' ' tag='852'><subfield code='8'>22797394240008210</subfield><subfield code='j'>1</subfield><subfield code='b'>F20</subfield><subfield code='p'>10018487</subfield><subfield code='c'>UBYTKI_F20</subfield></datafield><datafield ind1=' ' ind2=' ' tag='852'><subfield code='8'>22797394320008210</subfield><subfield code='j'>1</subfield><subfield code='b'>F09</subfield><subfield code='p'>10018484</subfield><subfield code='c'>UBYTKI_F09</subfield></datafield><datafield ind1=' ' ind2=' ' tag='852'><subfield code='8'>22806017870008210</subfield><subfield code='j'>1</subfield><subfield code='b'>F13</subfield><subfield code='p'>10018490</subfield><subfield code='c'>UBYTKI_F13</subfield></datafield><datafield ind1=' ' ind2=' ' tag='852'><subfield code='8'>22806017870008210</subfield><subfield code='j'>1</subfield><subfield code='b'>F13</subfield><subfield code='p'>10018505</subfield><subfield code='c'>UBYTKI_F13</subfield></datafield><datafield ind1=' ' ind2=' ' tag='852'><subfield code='8'>22805828940008210</subfield><subfield code='j'>1</subfield><subfield code='b'>F06</subfield><subfield code='p'>10018485</subfield><subfield code='c'>UBYTKI_F06</subfield></datafield><datafield ind1=' ' ind2=' ' tag='852'><subfield code='8'>22805875710008210</subfield><subfield code='j'>1</subfield><subfield code='b'>F08</subfield><subfield code='p'>10018495</subfield><subfield code='c'>UBYTKI_F08</subfield></datafield><datafield ind1=' ' ind2=' ' tag='852'><subfield code='8'>22805828940008210</subfield><subfield code='j'>1</subfield><subfield code='b'>F06</subfield><subfield code='p'>10018488</subfield><subfield code='c'>UBYTKI_F06</subfield></datafield><datafield ind1=' ' ind2=' ' tag='852'><subfield code='8'>22805962750008210</subfield><subfield code='j'>1</subfield><subfield code='b'>F11</subfield><subfield code='p'>10018483</subfield><subfield code='c'>UBYTKI_F11</subfield></datafield><datafield ind1=' ' ind2=' ' tag='852'><subfield code='8'>22805790990008210</subfield><subfield code='j'>1</subfield><subfield code='b'>F01</subfield><subfield code='p'>10018481</subfield><subfield code='c'>UBYTKI_F01</subfield></datafield><datafield ind1=' ' ind2=' ' tag='852'><subfield code='8'>22805875710008210</subfield><subfield code='j'>1</subfield><subfield code='b'>F08</subfield><subfield code='p'>10018513</subfield><subfield code='c'>UBYTKI_F08</subfield></datafield><datafield ind1=' ' ind2=' ' tag='920'><subfield code='a'>83-7180-483-0</subfield></datafield></record>
  </collection>
</resp>
